MARC details
| 000 -LEADER |
| fixed length control field |
02401cam a22003738i 4500 |
| 001 - CONTROL NUMBER |
| control field |
22559008 |
| 005 - DATE AND TIME OF LATEST TRANSACTION |
| control field |
20240219133108.0 |
| 008 - FIXED-LENGTH DATA ELEMENTS--GENERAL INFORMATION |
| fixed length control field |
220523s2022 nju b 001 0 eng c |
| 010 ## - LIBRARY OF CONGRESS CONTROL NUMBER |
| LC control number |
2022023382 |
| 020 ## - INTERNATIONAL STANDARD BOOK NUMBER |
| International Standard Book Number |
9781119779261 |
| 020 ## - INTERNATIONAL STANDARD BOOK NUMBER |
| Canceled/invalid ISBN |
9781119909590 |
| 020 ## - INTERNATIONAL STANDARD BOOK NUMBER |
| Canceled/invalid ISBN |
9781119779278 |
| 040 ## - CATALOGING SOURCE |
| Original cataloging agency |
MdU/DLC |
| Language of cataloging |
eng |
| Description conventions |
rda |
| Transcribing agency |
MdU |
| 042 ## - AUTHENTICATION CODE |
| Authentication code |
pcc |
| 050 00 - LIBRARY OF CONGRESS CALL NUMBER |
| Classification number |
BF105 |
| Item number |
.G66 2022 |
| 082 00 - DEWEY DECIMAL CLASSIFICATION NUMBER |
| Classification number |
DC 050.904 |
| Edition number |
2022 |
| Item number |
G631 |
| 100 1# - MAIN ENTRY--PERSONAL NAME |
| Personal name |
Goodwin, C. James, |
| Relator term |
author. |
| 9 (RLIN) |
52673 |
| 245 12 - TITLE STATEMENT |
| Title |
A history of modern psychology / |
| Statement of responsibility, etc. |
C. James Goodwin. |
| 250 ## - EDITION STATEMENT |
| Edition statement |
Sixth edition. |
| 260 ## - PUBLICATION, DISTRIBUTION, ETC. (IMPRINT) |
| Place of publication, distribution, etc. |
Hoboken, NJ : |
| Name of publisher, distributor, etc. |
Wiley, |
| Date of publication, distribution, etc. |
[2022]. |
| 263 ## - PROJECTED PUBLICATION DATE |
| Projected publication date |
2209 |
| 300 ## - PHYSICAL DESCRIPTION |
| Extent |
xv, 448 pages : |
| Other physical details |
illustrations ; |
| Dimensions |
26 cm. |
| 504 ## - BIBLIOGRAPHY, ETC. NOTE |
| Bibliography, etc |
Includes bibliographical references and index. |
| 505 0# - FORMATTED CONTENTS NOTE |
| Formatted contents note |
INTRODUCING PSYCHOLOGY'S HISTORY -- THE PHILOSOPHICAL CONTEXT -- THE SCIENTIFIC CONTEXT -- WUNDT AND GERMAN PSYCHOLOGY -- DARWIN'S CENTURY: EVOLUTIONARY THINKING -- AMERICAN PIONEERS -- STRUCTURAL AND FUNCTIONAL PSYCHOLOGIES -- APPLYING THE NEW PSYCHOLOGY -- GESTALT PSYCHOLOGY -- THE ORIGINS OF BEHAVIORISM -- FROM NEOBEHAVIORISM TO COGNITIVE PSYCHOLOGY -- MENTAL ILLNESS AND ITS TREATMENT -- PSYCHOLOGY'S PRACTITIONERS -- PSYCHOLOGY'S ACADEMIC SUBDISCIPLINES -- PSYCHOLOGY IN THE 21ST CENTURY |
| 520 ## - SUMMARY, ETC. |
| Summary, etc. |
"This chapter opens by describing why it is important to know about history in general and psychology's history in particular. Then a contrast is drawn between traditional histories of psychology, which emphasize the contributions of distinguished psychologists, the outcomes of famous experiments, and the debates among adherents of different "schools" of psychology, and a more recent approach, which tries to situate events and people in a broader historical context. This chapter also considers the methods used by historians to conduct research in history and the problems they face when constructing historical narratives from available data"-- |
| 650 #0 - SUBJECT ADDED ENTRY--TOPICAL TERM |
| Topical term or geographic name as entry element |
Psychology |
| General subdivision |
History |
| Chronological subdivision |
20th century. |
| 9 (RLIN) |
52674 |
| 650 #0 - SUBJECT ADDED ENTRY--TOPICAL TERM |
| Topical term or geographic name as entry element |
Psychology |
| General subdivision |
History |
| Chronological subdivision |
19th century. |
| 9 (RLIN) |
52675 |
| 710 2# - ADDED ENTRY--CORPORATE NAME |
| Corporate name or jurisdiction name as entry element |
John Wiley & Sons, |
| Relator term |
publisher. |
| 9 (RLIN) |
52676 |
| 776 08 - ADDITIONAL PHYSICAL FORM ENTRY |
| Relationship information |
Online version: |
| Main entry heading |
Goodwin, C. James. |
| Title |
History of modern psychology |
| Edition |
Sixth edition. |
| Place, publisher, and date of publication |
Hoboken, NJ : Wiley, [2022] |
| International Standard Book Number |
9781119909590 |
| Record control number |
(DLC) 2022023383 |
| 365 ## - TRADE PRICE |
| Price amount |
15,610.00 |
| Currency code |
Php |
| 906 ## - LOCAL DATA ELEMENT F, LDF (RLIN) |
| a |
7 |
| b |
cbc |
| c |
orignew |
| d |
1 |
| e |
ecip |
| f |
20 |
| g |
y-gencatlg |
| 942 ## - ADDED ENTRY ELEMENTS (KOHA) |
| Source of classification or shelving scheme |
Dewey Decimal Classification |
| Koha item type |
Circulation |